000 00542nam a2200181 a 4500
001 000035765
005 20200930074608.0
008 111110s2011 dr 000 0 spa d
040 _aDO-SdBNP
_bspa
_cBNPHU
100 1 _aCastillo Javier, Geraldo
_961713
245 1 0 _aRedacta /
_cGeraldo Castillo Javier.
250 _a4a ed.
260 _aSanto Domingo :
_bDragón Editorial,
_c2011.
300 _a163 p. ;
_c28 cm.
500 _aIncluye datos biográficos del auntor en la solapa
504 _aBibliografía : p. 162-163
049 _aBNPD
999 _c35256
_d35256